| 000 | 01101nam a2200265 i 4500 | ||
|---|---|---|---|
| 003 | IT-RoINE | ||
| 005 | 20191127093749.0 | ||
| 008 | 040524s2004 sp |||||r |10||| spa d | ||
| 020 | _a849327058X | ||
| 040 |
_aUPSA _cIT-RoINE |
||
| 111 | 2 |
_aCongreso de Teología Moral _d(2002. _cMadrid, España) _94917 |
|
| 245 | 1 | 1 |
_a"Para ser libres Cristo nos ha liberado" (Ga 5,1) : _bactas del Congreso de Teologia Moral, Facultad de Teología "San Dámaso", Madrid, 17-18 de mayo de 2002 / _cJuan José Pérez-Soba Díez del Corral (Ed.) |
| 260 |
_aMadrid : _bPublicaciones de la Facultad de Teología "San Dámaso", _c2004. |
||
| 300 |
_a238 p. ; _c21 cm. |
||
| 336 |
_2rdacontent _atext |
||
| 337 |
_2rdamedia _aunmediated |
||
| 338 |
_2rdacarrier _avolume |
||
| 490 | 1 | 0 |
_aM Presencia y diálogo ; _v3 |
| 504 | _aIncluye bibliografía. | ||
| 650 | 0 | 4 |
_aTeología moral _vCongresos _94698 |
| 650 | 0 | 4 |
_aLibertad (Teología) _vCongresos _94918 |
| 700 | 1 |
_94261 _aPérez-Soba Diez del Corral, Juan José, _d1964- |
|
| 830 | 0 |
_94472 _aPresencia y diálogo (Facultad de Teología San Dámaso) ; _v3 |
|
| 942 | _cMTS | ||
| 999 |
_c2509 _d2509 |
||